000
00312nam a22001337a 4500
008
181221b xxu||||| |||| 00| 0 eng d
020
_a
9780130222725
041
_a
eng
080
_2
5th
_a
371
100
_a
46
101
_a
EDU
245
_a
Reading Skills for College Students
_c
Hancock,O.H
942
_2
udc
_c
BK
999
_c
53683
_d
53683